000 00478nam a2200205Ia 4500
001 12047
003 GE_BSU
008 181216s||||||||xx |||||||||||||| ||und||
020 _a0340516929
040 _cGE_BSU
080 _a821.111-31
100 _aCarre,John le
245 4 _aThe naive and sentomental lover
260 _aGreat Britain.
260 _bCoronet books.
260 _c1990.
300 _a462p;18cm.
653 _aThe naive and sentomental lover
942 _cBK
999 _c45224
_d45224